000
00329 a2200145 4500
001
155110
040
_c
Escola São Tomás de Aquino
100
_a
SOARS, Liz
240
1
0
_a
American Headway starter
_l
por
245
1
0
_a
American Headway starter
300
_a
158
362
0
_a
2010
697
_a
Língua inglesa
942
_c
BK
999
_c
155110
_d
155110